Amochiuipajtlinij ometlajtolpamilt = (Record no. 200651)
[ view plain ]
| 000 -CABECERA | |
|---|---|
| campo de control de longitud fija | 00894nam a2200229 u 4500 |
| 005 - FECHA Y HORA DE LA ÚLTIMA TRANSACCIÓN | |
| campo de control | 20240612063846.0 |
| 008 - ELEMENTOS DE LONGITUD FIJA--INFORMACIÓN GENERAL | |
| campo de control de longitud fija | 190123m2014 mx r 000 0 spa d |
| 035 ## - NÚMERO DE CONTROL DEL SISTEMA | |
| Número de control de sistema | UPN01000228556 |
| 049 ## - COLECCIÓN | |
| Colección | LTG |
| 050 #4 - SIGNATURA TOPOGRÁFICA DE LA BIBLIOTECA DEL CONGRESO | |
| Número de clasificación | LB1578.4 N3 |
| Número de documento/Ítem | A4.6 |
| 245 00 - MENCIÓN DE TÍTULO | |
| Título | Amochiuipajtlinij ometlajtolpamilt = |
| Resto del título | El libro de las plantas medicinales : náhuatk tlen uaxtekapaj Hidalgo Tlali = náhuatl de la Huasteca de Hidalgo / |
| Mención de responsabilidad, etc. | coord. Rosalinda Morales Garza. |
| 260 ## - PUBLICACIÓN, DISTRIBUCIÓN, ETC. | |
| Lugar de publicación, distribución, etc. | México : |
| Nombre del editor, distribuidor, etc. | SEP, |
| Fecha de publicación, distribución, etc. | 2014. |
| 300 ## - DESCRIPCIÓN FÍSICA | |
| Extensión | 199 p. : |
| Otras características físicas | il. col. |
| 440 #0 - MENCIÓN DE SERIE/ASIENTO SECUNDARIO--TÍTULO | |
| Título | Biblioteca escolar indígena y migrante |
| 500 ## - NOTA GENERAL | |
| Nota general | Texto bilingüe español/náhuatl |
| 650 #4 - ASIENTO SECUNDARIO DE MATERIA - TERMINO TEMATICO | |
| Término de materia o nombre geográfico como elemento de entrada | Botánica médica |
| 9 (RLIN) | 1355 |
| 650 #4 - ASIENTO SECUNDARIO DE MATERIA - TERMINO TEMATICO | |
| Término de materia o nombre geográfico como elemento de entrada | MEDICINA TRADICIONAL - |
| Subdivisión geográfica | MEXICO |
| 9 (RLIN) | 9032 |
| 700 1# - ASIENTO SECUNDARIO--NOMBRE DE PERSONAL | |
| Nombre de persona | Morales Garza, Rosalinda, |
| Término indicativo de función/relación | coord. |
| 9 (RLIN) | 43281 |
| 740 3# - ASIENTO SECUNDARIO - TÍTULOS RELACIONADOS /ANALITICOS NO CONTROLADOS | |
| Título relacionado o analítico no controlado | El libro de las plantas medicinales : náhuatl de la Huasteca de Hidalgo |
| 905 ## - TIPO DE MATERIAL | |
| Tipo de material | Libro |
| Estado de retiro | Estado de pérdida | Fuente del sistema de clasificación o colocación | Estado dañado | No para préstamo | Código de colección | Localización permanente | Ubicación/localización actual | Ubicación en estantería | Fecha de adquisición | Total de préstamos | Clasificación | Código de barras | Fecha visto por última vez | Fecha del último préstamo | Número de copia | Tipo de ítem Koha |
|---|---|---|---|---|---|---|---|---|---|---|---|---|---|---|---|---|
| Library of Congress Classification | Disponible (Préstamo en sala) | Libros de texto gratuitos | Bib. Gregorio Torres Quintero | Bib. Gregorio Torres Quintero | Colecciones especiales Planta alta | 03/05/2023 | 1 | LB1578.4 N3 A4.6 | 327423 | 05/02/2025 | 05/02/2025 | 1 | Libro |
